<?xml version="1.0" encoding="UTF-8"?>
<collection xmlns="http://www.loc.gov/MARC21/slim">
<record>
  <controlfield tag="001">152860</controlfield>
  <controlfield tag="005">20250401114425.0</controlfield>
  <datafield tag="037" ind1=" " ind2=" ">
    <subfield code="a">TAZ-TFG-2024-2284</subfield>
  </datafield>
  <datafield tag="041" ind1=" " ind2=" ">
    <subfield code="a">spa</subfield>
  </datafield>
  <datafield tag="100" ind1="1" ind2=" ">
    <subfield code="a">Andrés Gracia, Pablo</subfield>
  </datafield>
  <datafield tag="242" ind1="0" ind2="0">
    <subfield code="a">E-commerce of a Clothing Brand as an Intermediary between Customer and Manufacturer</subfield>
  </datafield>
  <datafield tag="245" ind1="0" ind2="0">
    <subfield code="a">Comercio online de una marca de ropa como intermediaria entre cliente y fabricante</subfield>
  </datafield>
  <datafield tag="260" ind1=" " ind2=" ">
    <subfield code="a">Zaragoza</subfield>
    <subfield code="b">Universidad de Zaragoza</subfield>
    <subfield code="c">2024</subfield>
  </datafield>
  <datafield tag="506" ind1=" " ind2=" ">
    <subfield code="a">by-nc-sa</subfield>
    <subfield code="b">Creative Commons</subfield>
    <subfield code="c">3.0</subfield>
    <subfield code="u">http://creativecommons.org/licenses/by-nc-sa/3.0/</subfield>
  </datafield>
  <datafield tag="520" ind1=" " ind2=" ">
    <subfield code="a">En este trabajo de fin de grado se presenta una solución para todas aquellas empresas, entidades o grupos de personas que necesiten los servicios de fabricación textil mediante un comercio online.&lt;br />El proyecto va a consistir en el desarrollo de una marca de ropa con nombre propio, In The Middle. El proceso de monetización será por una comisión en cada prenda bajo demanda.&lt;br />Se trata de un tema de investigación en el que el objetivo inicial ha sido predecir cual era nuestro público objetivo, sus necesidades y cómo solucionar y aportarles el máximo valor.&lt;br />Para poder validad este proyecto utilizaremos datos del sector del textil en España, influencias actuales que afectan a este sector y estos datos serán procesados para poder encontrar el público más objetivo, y así poder enfocar de manera adecuada las campañas de marketing que utilizaremos para lanzar el proyecto.&lt;br />Por último, no existirá stock, si no que solo habrá unas pocas muestras y colores sobre las que realizaremos la fotografía de producto y serán ofertadas en la web, Shopify, ya que un servicio de fabricación bajo demanda.&lt;br />El objetivo de esta estrategia sin stock es que se invierta la cantidad mínima de dinero.&lt;br />&lt;br /></subfield>
  </datafield>
  <datafield tag="521" ind1=" " ind2=" ">
    <subfield code="a">Graduado en Administración y Dirección de Empresas</subfield>
  </datafield>
  <datafield tag="540" ind1=" " ind2=" ">
    <subfield code="a">Derechos regulados por licencia Creative Commons</subfield>
  </datafield>
  <datafield tag="856" ind1="0" ind2=" ">
    <subfield code="f">739305@unizar.es</subfield>
  </datafield>
  <datafield tag="856" ind1="4" ind2=" ">
    <subfield code="s">4053808</subfield>
    <subfield code="u">http://zaguan.unizar.es/record/152860/files/TAZ-TFG-2024-2284.pdf</subfield>
    <subfield code="y">Memoria (spa)</subfield>
  </datafield>
  <datafield tag="856" ind1="4" ind2=" ">
    <subfield code="s">4053808</subfield>
    <subfield code="u">http://zaguan.unizar.es/record/152860/files/TAZ-TFG-2024-2284_ANE.pdf</subfield>
    <subfield code="y">Anexos (spa)</subfield>
  </datafield>
  <datafield tag="909" ind1="C" ind2="O">
    <subfield code="o">oai:zaguan.unizar.es:152860</subfield>
    <subfield code="p">driver</subfield>
    <subfield code="p">trabajos-fin-grado</subfield>
  </datafield>
  <datafield tag="950" ind1=" " ind2=" ">
    <subfield code="a"></subfield>
  </datafield>
  <datafield tag="691" ind1=" " ind2=" ">
    <subfield code="a">12</subfield>
  </datafield>
  <datafield tag="692" ind1=" " ind2=" ">
    <subfield code="a">Es un servicio que ofrece productos sostenibles para el medio ambiente, ya que al ser una empresa que produce ropa, el material de las prendas es 100% orgánico </subfield>
  </datafield>
  <datafield tag="700" ind1=" " ind2=" ">
    <subfield code="a">Gutiérrez Nieto, Begoña</subfield>
    <subfield code="e">dir.</subfield>
  </datafield>
  <datafield tag="710" ind1="2" ind2=" ">
    <subfield code="a">Universidad de Zaragoza</subfield>
    <subfield code="b">Contabilidad y Finanzas</subfield>
    <subfield code="c">Economía Financiera y Contabilidad</subfield>
  </datafield>
  <datafield tag="980" ind1=" " ind2=" ">
    <subfield code="a">TAZ</subfield>
    <subfield code="b">TFG</subfield>
    <subfield code="c">ECON</subfield>
  </datafield>
  <datafield tag="999" ind1=" " ind2=" ">
    <subfield code="a">20240607134224.CREATION_DATE</subfield>
  </datafield>
  <datafield tag="951" ind1=" " ind2=" ">
    <subfield code="a">deposita:2025-04-01</subfield>
  </datafield>
</record>
</collection>